000 00445nam a2200157Ia 4500
008 160316s1997 xxu||||| |||| 00| 0 eng d
082 _a923.200000
_bBOS
100 _aBose Sisir K
245 _aThe Indian struggle 1920 - 1942 Subash Chandra Bose
250 _a3rd
260 _aDelhi
_bOxford University Press
_c1997
300 _a418p
_b418p*
_c
365 _b250/-*
650 _a1.Subash Chandra Bose - Biography
700 _aBose Sugata
_a
999 _c13031
_d13031